000 nam a22 a 4500
999 _c4711
_d4711
003 AKMAL
005 20170731122835.0
008 170731s2017 my | e l 000 0 eng d
020 _cRM42.00
040 _aAKMAL
082 0 4 _a346.595116015 MAL
_222
090 0 0 _a346.595116015
_bMAL
110 1 _aMalaysia,
_ejurisdiction governed.
_9400
245 1 0 _aISLAMIC FAMILY LAW (FEDERAL TERRITORIES) ACT 1984 (ACT 303) :
_b(AS AT NOVEMBER 2010 ) /
_cCompiled by: MDC Legal Advisors
260 _aKuala Lumpur:
_bMDC Publishers,
_c2017.
300 _a63 pages ;
_c27 cm.
490 1 _aLAWS OF MALAYSIA
599 _aDALAM PROSES
650 1 0 _aDomestic relations (Islamic law)
_91646
650 2 0 _aMarriage (Islamic law)
_zWilayah Persekutuan
_98645
830 0 _aLAWS OF MALAYSIA
_91830
942 _2ddc
_cBOOK
950 _lAKMAL